[Event "IECC Trio 548 email"]
[Site "IECC email"]
[Date "1998.05.15"]
[Round "?"]
[White "O'Brien, Eoin"]
[Black "Chicco, Giancarlo"]
[Result "0-1"]
[WhiteElo "1606"]
[BlackElo "1662"]
[PlyCount "50"]
[EventDate "1998.??.??"]
[EventType "tourn (corr)"]
[EventRounds "4"]
[SourceTitle "Corr 2008"]
[Source "ChessBase"]
[SourceDate "2008.06.24"]
[SourceVersion "1"]
[SourceVersionDate "2008.06.24"]
[SourceQuality "1"]

1. e4 c5 2. f4 d5 3. Bb5+ Nc6 4. Bxc6+ bxc6 5. Nc3 d4 6. Nce2 Nf6 7. d3 g6 8. Nf3 Bg7 9. 0-0 Ba6 10. b3 Nxe4 11. Qe1 Nd6 12. Ng3 h5 13. Ne4 Nxe4 14. Qxe4 Qd5 15. Re1 Qxe4 16. Rxe4 e6 17. Ba3 Bf8 18. Rae1 Rd8 19. Ne5 Bb7 20. Nf3 Rd5 21. Nh4 Bd6 22. g3 g5 23. fxg5 Rxg5 24. Bc1 Rd5 25. Ng2 Bc8 0-1